Подих чудесного (Запис № 580078)
[ простий вигляд ]
| 000 -Лідер | |
|---|---|
| fixed length control field | 01695 a2200253 4500 |
| 001 - Контрольний номер | |
| control field | 2162214035926662 |
| 003 - Ідентифікатор контрольного номера | |
| control field | UA-OsUOA |
| 005 - Дата та час останнього входження (трансакції) | |
| control field | 20260403112215.0 |
| 008 - Елементи даних фіксованої довжини – загальна інформація | |
| fixed length control field | 260316b -ura|||| |||| 00| f ukr d |
| 020 ## - Міжнародний стандартний книжковий номер (ISBN) | |
| Міжнародний стандартний книжковий номер (ISBN) (НП) | 5772000543 |
| 040 ## - Джерело каталогізації | |
| Агенція оригінальної каталогізації | UA-OsUOA |
| Мова каталогізації | ukr |
| Агенція, яка здійснювала перезапис | UA-OsUOA |
| Агенція, яка здійснювала модифікацію | UA-OsUOA |
| 041 ## - Код мови | |
| Код мови тексту/ звукової доріжки чи окремого заголовка (П) | ukr |
| 080 ## - Індекс Універсальної десяткової класифікації | |
| Індекс Універсальної десяткової класифікації (УДК) (НП) | 821.161.2 |
| 090 ## - Локальний шифр розміщення | |
| Класифікаційний індекс УДК | 821.161.2 |
| Авторський знак (НП) | Д75 |
| 100 ## - Основне введення – ім’я особи | |
| Ім’я особи (НП) | Дрозд В. |
| 9 (RLIN) | 24467 |
| 245 ## - Відомості про назву | |
| Назва (НП) | Подих чудесного |
| Дані про відповідальність (НП) | Володимир Дрозд |
| Решта назви (НП) | оповідання, роман |
| 260 ## - Публікація, розповсюдження і т.п. (Вихідні дані) | |
| Ім’я/ наймення видавництва, розповсюджувача і т.п. (П) | Молодь |
| Дата публікації, розповсюдження і т.п. (П) | 1988 |
| Місце публікації, розповсюдження і т.п. (П) | Київ |
| 300 ## - Фізичний опис | |
| Обсяг | 296 с. |
| 520 ## - Резюме і т.п. | |
| Резюме, реферат, анотація, тощо (НП) | До нової книжки відомого українського письменника увійшли два цикли оповідань "Що ми знаємо про любов?" та "Подих чудесного", а також роман "Катастрофа". Написані в різний час, ці твори відзначаються гострою соціальною спрямованістю, філософічністю, тонким психологічним аналізом духовного злету чи деградації особистості. Творчій манері прозаїка притаманні своєрідний стиль, передбачуваність сюжетних ходів, органічне переплетіння фантастичного та реального, яскраві, колоритні образи. |
| 650 ## - Додаткове предметне введення – тематичний термін | |
| Тематичний термін чи географічна назва, як елемент введення (НП) | 82 Література. Літературознавство |
| 9 (RLIN) | 15 |
| 942 ## - Додаткові елементи входу (Коха) | |
| Тип елемента Koha | Книги |
| Source of classification or shelving scheme | Universal Decimal Classification |
| 955 ## - Код типу видання за змістом | |
| Код типу видання за змістом (НП) | Літературно-художні видання |
| Стан вилучень | Стан втрат | Джерело класифікації або схеми стелажів | Стан уражень | Не для кредиту | Код колекції | Постійне місце розташування | Поточне розміщення | Дата придбання | Джерело придбання | Вартість, звичайна ціна покупки | Інвентарний номер | Усього замовленно | Повний номер виклику | Штрих-код | Дата останнього перегляду | Вартість, ціна заміни | Ціна ефективна від | Тип елемента Koha |
|---|---|---|---|---|---|---|---|---|---|---|---|---|---|---|---|---|---|---|
| Universal Decimal Classification | Колекція Шевчука Валерія | АБ - Абонемент НБ | АБ - Абонемент НБ | 04/03/2026 | Акт №09/04.03.2026 | 25.00 | 169563 | 821.161.2 Д75 | 169563 | 16/03/2026 | 25.00 | 16/03/2026 | Книги |